University of Cincinnati : Army ROTC.

Bibliographic Details
Corporate Author: United States. Department of the Army
Format: Government Document Book
Language:English
Published: Cincinnati, Ohio : [Washington, D.C.?] : Dept. of Military Science, University of Cincinnati ; [Dept. of the Army], [1997?]
Subjects:

MARC

Tag First Indicator Second Indicator Subfields
LEADER 00000cam a2200000 a 4500
001 in00001402733
005 20151020052145.0
008 970812s1997 ohu f000 0 eng d
010 |a gp 97066935  
035 |a (OCoLC)37453898 
035 |9 AHM2837AM 
040 |a GPO  |c GPO  |d DLC  |d MvI  |d UtOrBLW 
043 |a n-us-oh 
074 |a 0325 
086 0 |a D 101.2:AR 5/70/997 
245 0 0 |a University of Cincinnati :  |b Army ROTC. 
246 3 0 |a Army ROTC. 
264 1 |a Cincinnati, Ohio :  |b Dept. of Military Science, University of Cincinnati ;  |a [Washington, D.C.?] :  |b [Dept. of the Army],  |c [1997?] 
300 |a 3 unnumbered pages ;  |c 22 cm. 
336 |a text  |b txt  |2 rdacontent 
337 |a unmediated  |b n  |2 rdamedia 
338 |a volume  |b nc  |2 rdacarrier 
500 |a Cover title. 
500 |a Shipping list number: 97-0316-P. 
610 2 0 |a University of Cincinnati.  |b Army ROTC. 
610 1 0 |a United States.  |b Army.  |b Reserve Officers' Training Corps. 
650 0 |a Military education  |z Ohio  |z Cincinnati. 
710 1 |a United States.  |b Department of the Army. 
999 |a MARS 
999 f f |s 9fac8290-c716-35e6-baae-36d659a34c1b  |i 5aa08790-b653-3a53-9ed7-f9595b8d78f4  |t 0 
952 f f |p normal  |a Texas A&M University  |b College Station  |c Sterling C. Evans Library  |d Evans: US Documents (Annex 5th floor)  |t 0  |e D 101.2:AR 5/70/997  |h Superintendent of Documents classification  |i unmediated -- volume  |m A14821735675 
998 f f |a D 101.2:AR 5/70/997  |t 0  |l Evans: US Documents (Annex 5th floor)